| 000 | 00724cab a2200229 4500 | ||
|---|---|---|---|
| 001 | ABS48429 | ||
| 008 | 090401t1993 xxu||||| |||| 00| 0 eng d | ||
| 035 | _a(Sirsi) u66655 | ||
| 041 | _aeng | ||
| 245 | _aHousebuilders set for boom | ||
| 260 | _c1993 | ||
| 350 | _a0 | ||
| 490 |
_aBuilding Market Report _vApril 1993, 2-3(2) |
||
| 520 | _aA survey commissioned as part of the quarterly Building/Gallup Poll of the construction industry shows signs of recovery in the housebuilding market. Graphs. | ||
| 650 | _aCONFIDENCE | ||
| 650 | _aFORECASTS | ||
| 650 | _aHOUSE BUILDING | ||
| 650 | _aRECESSION | ||
| 690 | _aPROPERTY-RESIDENTIAL PROPERTY-RESIDENTIAL PROPERTY MARKET | ||
| 942 | _n0 | ||
| 948 | _c04/03/1997 | ||
| 999 |
_c41634 _d41634 |
||